000 00430nmm a2200145Ia 4500
008 251105s9999||||xx |||||||||||||||||und||
041 _aspa
100 _aRod, J.L.
245 0 _aLa suerte de los irlandeses :
_b Serie Pat MacMillan 1
264 _a[Madrid, España] :
_bEdiciones B,
_c2014
300 _a416 páginas
650 _aThriller & Suspense
856 _uhttps://public.digitaliapublishing.com/a/53495
942 _cCF
999 _c104867
_d104867